000 00505nam a2200193Ia 4500
005 20240823030845.0
008 240823s9999||||xx |||||||||||||| ||und||
020 _a978-0-8031-3426-3
041 _aENGLISH
082 _A624.1 Q0
100 _aAndreas T Wolf Ed.
245 0 _aDurability of Building and Construction sealants and Adhesives
250 _a1st
260 _c2010
_bASTM International Publi
500 _aTRANSFERED
650 _aConstruction
_bCivil
942 _cBK
999 _c189691
_d189691